El espacio arquitectónico de Roma a Bizancio
Na minha lista:
| Autor principal: | |
|---|---|
| Formato: | Livro |
| Idioma: | espanhol |
| Publicado em: |
Buenos Aires
Paidós
1962
|
| Colecção: | Cuadernos del Taller, 17
|
| Assuntos: | |
| Tags: |
Adicionar Tag
Sem tags, seja o primeiro a adicionar uma tag!
|
MARC
| LEADER | 00000nam a2200000 a 4500 | ||
|---|---|---|---|
| 001 | UCZ1222 | ||
| 003 | CL-VaPUC | ||
| 008 | 950817e19620000AG |||||||||||||||||spa|d | ||
| 082 | 0 | 4 | |a 722.7 |b BET |2 21 |
| 100 | 0 | |a Bettini, Sergio |e author |9 344693 | |
| 245 | 1 | 3 | |a El espacio arquitectónico de Roma a Bizancio |
| 300 | |a 118 p | ||
| 942 | |c BK | ||
| 945 | |d 19950817 00:00:00 |a aalvarez | ||
| 260 | |a Buenos Aires |b Paidós |c 1962 | ||
| 650 | 0 | |a Arquitectura |9 804558 | |
| 650 | 0 | |a Arquitectura bizantina |9 344695 | |
| 650 | 0 | |a Edad media |9 258041 | |
| 650 | 0 | |a Arquitectura medieval |9 267661 | |
| 583 | |a last modification |c 19950817 00:00:00 |k Rodrigo Vera | ||
| 490 | 0 | |a Cuadernos del Taller, 17 | |
| 999 | |c 238009 |d 238007 | ||
| 952 | |0 0 |1 0 |4 0 |6 722_700000000000000_BET_1962 |7 0 |8 A |9 247899 |a BIBARQ |b BIBARQ |d 2019-11-18 |i 3123979 |o 722.7 BET 1962 |p 3123979 |r 2025-01-20 |w 2019-11-18 |y BK |k ARQ | ||